परक्राम्य लिखत अधिनियम (Record no. 30773)
[ view plain ]
| 000 -LEADER | |
|---|---|
| fixed length control field | 005910000a22001810004500 |
| 003 - CONTROL NUMBER IDENTIFIER | |
| control field | MACL |
| 005 - DATE AND TIME OF LATEST TRANSACTION | |
| control field | 20160120132907.0 |
| 008 - FIXED-LENGTH DATA ELEMENTS--GENERAL INFORMATION | |
| fixed length control field | 160120b xxu||||| |||| 00| 0 eng d |
| 040 ## - CATALOGING SOURCE | |
| Original cataloging agency | MACL |
| Transcribing agency | MACL |
| 041 ## - LANGUAGE CODE | |
| Language code of text/sound track or separate title | Hindi |
| 082 ## - DEWEY DECIMAL CLASSIFICATION NUMBER | |
| Classification number | 332.76/GHB |
| 100 ## - MAIN ENTRY--PERSONAL NAME | |
| Personal name | नौशीरवान एच झाबवाला |
| 9 (RLIN) | 33627 |
| 245 ## - TITLE STATEMENT | |
| Title | परक्राम्य लिखत अधिनियम |
| 260 ## - PUBLICATION, DISTRIBUTION, ETC. (IMPRINT) | |
| Name of publisher, distributor, etc. | सी जमनादास एण्ड कम्पनी |
| Place of publication, distribution, etc. | बम्बई |
| 350 ## - PRICE (NR) (BK AM CF MU VM SE) [OBSOLETE] | |
| Price | 15 |
| 650 ## - SUBJECT ADDED ENTRY--TOPICAL TERM | |
| Topical term or geographic name as entry element | Economics |
| 9 (RLIN) | 33628 |
| 942 ## - ADDED ENTRY ELEMENTS (KOHA) | |
| Koha item type | Sanskrit |
| Call number prefix | 332;76 /GHB |
| Source of classification or shelving scheme | |
| Withdrawn status | Lost status | Source of classification or shelving scheme | Damaged status | Not for loan | Home library | Current library | Date acquired | Cost, normal purchase price | Total Checkouts | Full call number | Barcode | Date last seen | Uniform Resource Identifier | Price effective from | Koha item type |
|---|---|---|---|---|---|---|---|---|---|---|---|---|---|---|---|
| MACL | MACL | 15/04/2015 | 15.00 | 332;76 /GHB | CLC004010 | 29/04/2015 | 30823 | 15/04/2015 | Books |









